Секция 4 : Тепломассообмен в двухфазных системах; Тепломассообмен - ММФ

Dettagli Bibliografici
Parent link:Тепломассообмен - ММФ=Heat/Mass transfer-MIF: Минский международный форум, 24-27 мая 1988 г./ Академия наук Белорусской ССР (АН БССР), Институт тепло- и массообмена им. А. В. Лыкова (ИТМО). Секция 4 : Тепломассообмен в двухфазных системах.— , 1988
Altri autori: Накоряков В. Е. Владимир Елиферьевич (редактор)
Lingua:russo
Pubblicazione: 1988
Soggetti:
Natura: MixedMaterials Libro
KOHA link:https://koha.lib.tpu.ru/cgi-bin/koha/opac-detail.pl?biblionumber=262395

MARC

LEADER 00000nam2a2200000 4500
001 262395
005 20231101233641.0
020 |a RU  |b 88-49978 
035 |a (RuTPU)RU\TPU\book\285378 
090 |a 262395 
100 |a 20140531g1988 k a0rusy5003 ca 
101 0 |a rus 
102 |a BY 
105 |a a z 101zy 
200 0 |a Секция 4 : Тепломассообмен в двухфазных системах  |f под ред. В. Е. Накорякова 
210 |d 1988 
215 |e (ил.)  |a 213 с. 
461 1 |0 (RuTPU)RU\TPU\book\209503  |t Тепломассообмен - ММФ  |l Heat/Mass transfer-MIF  |o Минский международный форум, 24-27 мая 1988 г.  |o тезисы докладов  |f Академия наук Белорусской ССР (АН БССР), Институт тепло- и массообмена им. А. В. Лыкова (ИТМО)  |v Секция 4 : Тепломассообмен в двухфазных системах  |d 1988 
606 1 |a Теплообмен  |x Физика  |2 stltpush  |3 (RuTPU)RU\TPU\subj\59756  |9 77255 
610 1 |a физико-химические системы 
610 1 |a массообмен 
610 1 |a форумы 
610 1 |a явления переноса 
610 1 |a двухфазные системы 
610 1 |a фазовые переходы 
675 |a 536.24(063)  |z rus 
702 1 |a Накоряков  |b В. Е.  |c физик  |c директор Института теплофизики СО РАН  |c выпускник ТЭФ Томского политехнического университета 1958 г.  |f 1935-  |g Владимир Елиферьевич  |2 stltpush  |3 (RuTPU)RU\TPU\pers\29240  |4 340 
801 0 |a RU  |b RuMRKP  |c 19960705  |g psbo 
801 1 |a RU  |b 63413507  |c 20140531 
801 2 |a RU  |b 63413507  |c 20151028  |g RCR 
942 |c BK